00417cam a2200157ua 45000010005000000080039000050400009000440820011000531000031000642450037000952500024001322600041001563000013001976530012002106530037002226002131030n ii |||gr||||Z||||||eng cMAIN a973.03 aMorris,Richard M,eEditor. aEncyclopedia of American History a1st Indian Reprint. aDelhi:bUniversal Book Stall,c1965. axi,809p. aHistory aEncyclopedia of American History